LEADER 04814nam 2200805 450 001 9910464098103321 005 20220207164411.0 024 7 $a10.1525/9780520961029 035 $a(CKB)2670000000617870 035 $a(EBL)1925606 035 $a(SSID)ssj0001483050 035 $a(PQKBManifestationID)11856039 035 $a(PQKBTitleCode)TC0001483050 035 $a(PQKBWorkID)11422946 035 $a(PQKB)10929977 035 $a(StDuBDS)EDZ0001535476 035 $a(OCoLC)910160054 035 $a(MdBmJHUP)muse52252 035 $a(DE-B1597)519875 035 $a(OCoLC)1102796472 035 $a(DE-B1597)9780520961029 035 $a(MiAaPQ)EBC1925606 035 $a(Au-PeEL)EBL1925606 035 $a(CaPaEBR)ebr11059019 035 $a(CaONFJC)MIL788447 035 $a(EXLCZ)992670000000617870 100 $a20150611h20152015 uy 0 101 0 $aeng 135 $aur|||||||nn|n 181 $ctxt 182 $cc 183 $acr 200 10$aTies that bind $ethe story of an Afro-Cherokee family in slavery and freedom /$fTiya Miles 205 $aSecond edition. 210 1$aOakland, California :$cUniversity of California Press,$d2015. 210 4$dİ2015 215 $a1 online resource (417 p.) 225 1 $aGeorge Gund Foundation Imprint in African American Studies 225 0 $aAmerican Crossroads 300 $aOriginally published: 2005. 311 $a0-520-28563-8 311 $a0-520-96102-1 320 $aIncludes bibliographical references and index. 327 $tFront matter --$tContents --$tIllustrations --$tPREFACE TO THE SECOND EDITION --$tPREFACE TO THE FIRST EDITION --$tACKNOWLEDGMENTS --$tIntroduction --$tONE. Captivity --$tTWO. Slavery --$tTHREE. Motherhood --$tFOUR. Property --$tFIVE. Christianity --$tSIX. Nationhood --$tSEVEN. Gold Rush --$tEIGHT. Removal --$tNINE. Capture --$tTEN. Freedom --$tEPILOGUE. Citizenship --$tCODA: The Shoeboots Family Today --$tAPPENDIX ONE. Research Methods and Challenges --$tAPPENDIX TWO. Definition and Use of Terms --$tAPPENDIX THREE. Cherokee Names and Mistaken Identities --$tAPPENDIX FOUR. Primary Sources for Further Study --$tNOTES --$tSELECTED BIBLIOGRAPHY --$tINDEX --$tAMERICAN CROSSROADS 330 $aThis beautifully written book, now in its second edition, tells the haunting saga of a quintessentially American family. In the late 1790's, Shoe Boots, a famed Cherokee warrior and successful farmer, acquired an African slave named Doll. Over the next thirty years, Shoe Boots and Doll lived together as master and slave and also as lifelong partners who, with their children and grandchildren, experienced key events in American history-including slavery, the Creek War, the founding of the Cherokee Nation and subsequent removal of Native Americans along the Trail of Tears, and the Civil War. This is the gripping story of their lives, in slavery and in freedom. Meticulously crafted from historical and literary sources, Ties That Bind vividly portrays the members of the Shoeboots family. Doll emerges as an especially poignant character, whose life is mostly known through the records of things done to her-her purchase, her marriage, the loss of her children-but also through her moving petition to the federal government for the pension owed to her as Shoe Boots's widow. A sensitive rendition of the hard realities of black slavery within Native American nations, the book provides the fullest picture we have of the myriad complexities, ironies, and tensions among African Americans, Native Americans, and whites in the first half of the nineteenth century. Updated with a new preface and an appendix of key primary sources, this remains an essential book for students of Native American history, African American history, and the history of race and ethnicity in the United States. 410 0$aAmerican crossroads. 606 $aCherokee Indians$xHistory$y19th century 606 $aCherokee Indians$xMixed descent 606 $aCherokee Indians$xKinship 606 $aIndian slaves$zGeorgia$xHistory$y19th century 606 $aAfrican Americans$zGeorgia 606 $aAfrican Americans$xKinship$zGeorgia 606 $aBlack people$zGeorgia$xRelations with Indians 608 $aElectronic books. 615 0$aCherokee Indians$xHistory 615 0$aCherokee Indians$xMixed descent. 615 0$aCherokee Indians$xKinship. 615 0$aIndian slaves$xHistory 615 0$aAfrican Americans 615 0$aAfrican Americans$xKinship 615 0$aBlack people$xRelations with Indians. 676 $a975.004/97557 700 $aMiles$b Tiya$f1970-$0866318 801 0$bMiAaPQ 801 1$bMiAaPQ 801 2$bMiAaPQ 906 $aBOOK 912 $a9910464098103321 996 $aTies that bind$92446992 997 $aUNINA LEADER 04201nam 22007455 450 001 9910484981703321 005 20250609110652.0 010 $a981-15-2700-8 024 7 $a10.1007/978-981-15-2700-5 035 $a(CKB)4920000000496063 035 $a(DE-He213)978-981-15-2700-5 035 $a(MiAaPQ)EBC6178585 035 $a(PPN)243759649 035 $a(MiAaPQ)EBC6178540 035 $a(EXLCZ)994920000000496063 100 $a20200417d2020 u| 0 101 0 $aeng 135 $aurnn|008mamaa 181 $ctxt$2rdacontent 182 $cc$2rdamedia 183 $acr$2rdacarrier 200 10$aAdvanced Studies in Behaviormetrics and Data Science $eEssays in Honor of Akinori Okada /$fedited by Tadashi Imaizumi, Atsuho Nakayama, Satoru Yokoyama 205 $a1st ed. 2020. 210 1$aSingapore :$cSpringer Nature Singapore :$cImprint: Springer,$d2020. 215 $a1 online resource (XV, 472 p. 136 illus., 69 illus. in color.) 225 1 $aBehaviormetrics: Quantitative Approaches to Human Behavior,$x2524-4035 ;$v5 311 08$a981-15-2699-0 327 $aCo-clustering for object by variable data matrices -- How to use the Hermitian Form Model for asymmetric MDS -- Asymmetric scaling models for square contingency tables: points, circles, arrows, and odds ratios -- Comparing partitions of the Petersen graph -- Minkowski distances and standardisation for clustering and classification on high dimensional data. . 330 $aThis book focuses on the latest developments in behaviormetrics and data science, covering a wide range of topics in data analysis and related areas of data science, including analysis of complex data, analysis of qualitative data, methods for high-dimensional data, dimensionality reduction, visualization of such data, multivariate statistical methods, analysis of asymmetric relational data, and various applications to real data. In addition to theoretical and methodological results, it also shows how to apply the proposed methods to a variety of problems, for example in consumer behavior, decision making, marketing data, and social network structures. Moreover, it discuses methodological aspects and applications in a wide range of areas, such as behaviormetrics; behavioral science; psychology; and marketing, management and social sciences. Combining methodological advances with real-world applications collected from a variety of research fields, the book is a valuable resource for researchers and practitioners, as well as for applied statisticians and data analysts. . 410 0$aBehaviormetrics: Quantitative Approaches to Human Behavior,$x2524-4035 ;$v5 606 $aSocial sciences$xStatistical methods 606 $aStatistics 606 $aConsumer behavior 606 $aInformation visualization 606 $aSociology$xMethodology 606 $aPsychometrics 606 $aStatistics in Social Sciences, Humanities, Law, Education, Behavorial Sciences, Public Policy 606 $aStatistical Theory and Methods 606 $aConsumer Behavior 606 $aData and Information Visualization 606 $aSociological Methods 606 $aPsychometrics 615 0$aSocial sciences$xStatistical methods. 615 0$aStatistics. 615 0$aConsumer behavior. 615 0$aInformation visualization. 615 0$aSociology$xMethodology. 615 0$aPsychometrics. 615 14$aStatistics in Social Sciences, Humanities, Law, Education, Behavorial Sciences, Public Policy. 615 24$aStatistical Theory and Methods. 615 24$aConsumer Behavior. 615 24$aData and Information Visualization. 615 24$aSociological Methods. 615 24$aPsychometrics. 676 $a658.8342 702 $aImaizumi$b Tadashi$4edt$4http://id.loc.gov/vocabulary/relators/edt 702 $aNakayama$b Atsuho$4edt$4http://id.loc.gov/vocabulary/relators/edt 702 $aYokoyama$b Satoru$4edt$4http://id.loc.gov/vocabulary/relators/edt 801 0$bMiAaPQ 801 1$bMiAaPQ 801 2$bMiAaPQ 906 $aBOOK 912 $a9910484981703321 996 $aAdvanced Studies in Behaviormetrics and Data Science$92369393 997 $aUNINA